000 00337nam a2200145Ia 4500
005 20251222144753.0
008 251222s9999||||xx |||||||||||||| ||spa||
020 _a9972613135
082 _a363.69/L81
100 _aLoayza Chang, Iris
245 0 _aPatrimonio:
250 _a1ra.ed.
264 _bEditores & Consultores
942 _cLIB
999 _c19419
_d19419